00302pab a2200121 454500008004000000100002000040245004700060260000900107300001200116362000800128650001800136773002600154180718b2003 xxu||||| |||| 00| 0 eng d aDhanagare, D.N. aGlobalization: towards an alternative view c2003 ap.4-29. aMar aGlobalization aSociological Bulletin